Joueurs italiens sélectionnés à l'Euro 2024 - Statistiques

Statistiques générales
  • Ce quiz a été pris 43 fois
  • Le résultat moyen est 14 sur 27
Statistiques - réponses
Poste Club Numéro Joueur % Correct
Gardien Paris Saint-Germain (France) 1 Gianluigi Donnarumma
100%
Milieu de terrain Inter Milan (Italie) 18 Nicolò Barella
85%
Défenseur Inter Milan (Italie) 23 Alessandro Bastoni
82%
Défenseur Napoli (Italie) 2 Giovanni Di Lorenzo
82%
Gardien Napoli (Italie) 26 Alex Meret
79%
Défenseur Inter Milan (Italie) 3 Federico Dimarco
79%
Gardien Tottenham (Angleterre) 12 Guglielmo Vicario
76%
Milieu de terrain Arsenal (Angleterre) 8 Jorginho
73%
Attaquant Juventus (Italie) 14 Federico Chiesa
64%
Milieu de terrain AS Roma (Italie) 10 Lorenzo Pellegrini
61%
Attaquant Genoa (Italie) 19 Mateo Retegui
61%
Défenseur Juventus (Italie) 6 Federico Gatti
58%
Sélectionneur - - Luciano Spalletti
55%
Milieu de terrain Inter Milan (Italie) 7 Davide Frattesi
52%
Défenseur Bologne FC (Italie) 5 Riccardo Calafiori
52%
Milieu de terrain AS Roma (Italie) 16 Bryan Cristante
48%
Attaquant Napoli (Italie) 11 Giacomo Raspadori
48%
Attaquant Atalanta Bergame (Italie) 9 Gianluca Scamacca
42%
Défenseur Juventus (Italie) 24 Andrea Cambiaso
39%
Défenseur AS Roma (Italie) 17 Gianluca Mancini
39%
Défenseur Inter Milan (Italie) 13 Matteo Darmian
39%
Attaquant Lazio (Italie) 20 Mattia Zaccagni
36%
Défenseur Torino FC (Italie) 4 Alessandro Buongiorno
27%
Milieu de terrain Juventus (Italie) 21 Nicolò Fagioli
27%
Attaquant AS Roma (Italie) 22 Stephan El Shaarawy
15%
Défenseur Torino FC (Italie) 15 Raoul Bellanova
12%
Attaquant Hellas Verona FC (Italie) 25 Michael Folorunsho
9%
Aucun quiz correspondant
Distribution des résultats
% des personnes avec chaque résultat
Percentile par nombre de réponses
Votre historique - résultats
Vous n’avez pas pris ce quiz